Textbook of Medical- Surgical Nursing (Record no. 1033)
[ view plain ]
| 000 -LEADER | |
|---|---|
| Fixed length control field | 00599nam a2200205Ia 4500 |
| 003 - CONTROL NUMBER IDENTIFIER | |
| Control field | IIN |
| 005 - DATE AND TIME OF LATEST TRANSACTION | |
| Control field | 20240102144603.0 |
| 008 - FIXED-LENGTH DATA ELEMENTS--GENERAL INFORMATION | |
| Fixed length control field | 231217s9999 xx 000 0 und d |
| 020 ## - INTERNATIONAL STANDARD BOOK NUMBER / ISBN | |
| Price | Rs.2799.00 |
| International Standard Book Number | 9789387963726 |
| 040 ## - CATALOGING SOURCE | |
| Original cataloging agency | IIN |
| Language of cataloging | English |
| 082 ## - DEWEY DECIMAL CLASSIFICATION NUMBER | |
| Classification number | 610.73677 |
| Book Number | SHA |
| 100 1# - MAIN ENTRY--PERSONAL NAME | |
| Personal name | Sharma, Suresh K. |
| 245 ## - TITLE STATEMENT | |
| Title | Textbook of Medical- Surgical Nursing |
| Statement of responsibility | Brunner and Suddarth |
| 250 ## - EDITION STATEMENT | |
| Edition statement | South Asia ed |
| Remainder of edition statement | Suresh K. Sharma and |
| 260 ## - IMPRINT | |
| Name of publisher | Wolters Kluwer |
| Place of publication | New Delhi |
| Date of publication | 2018 |
| 300 ## - PHYSICAL DESCRIPTION | |
| Page / Vol. No | xiii[3] 4-1104 p. / Vol.1 |
| 650 ## - SUBJECT ADDED ENTRY--TOPICAL TERM | |
| Topical term | Medical Surgical |
| Form subdivision | Nursing |
| 700 1# - ADDED ENTRY--PERSONAL NAME | |
| Personal name | Madhavi, S |
| 942 ## - ADDED ENTRY ELEMENTS (KOHA) | |
| Koha item type | Books |
| Withdrawn status | Lost status | Damaged status | Not for loan | Collection code | Home library | Current library | Date acquired | Price | Total Checkouts | Call number | Accession number | Date last seen | Copy number | Price effective from | Koha item type |
|---|---|---|---|---|---|---|---|---|---|---|---|---|---|---|---|
| IDEAL INSTITUTE OF NURSING | IDEAL INSTITUTE OF NURSING | 17/12/2023 | 2799.00 | 610.73677 SHA | 1027 | 17/12/2023 | Vol.1 | 17/12/2023 | Books | ||||||
| IDEAL INSTITUTE OF NURSING | IDEAL INSTITUTE OF NURSING | 17/12/2023 | 2799.00 | 610.73677 SHA | 1028 | 17/12/2023 | Vol.1 | 17/12/2023 | Books | ||||||
| IDEAL INSTITUTE OF NURSING | IDEAL INSTITUTE OF NURSING | 17/12/2023 | 2799.00 | 610.73677 SHA | 1029 | 17/12/2023 | Vol.1 | 17/12/2023 | Books | ||||||
| IDEAL INSTITUTE OF NURSING | IDEAL INSTITUTE OF NURSING | 17/12/2023 | 2799.00 | 610.73677 SHA | 1030 | 17/12/2023 | Vol.1 | 17/12/2023 | Books | ||||||
| IDEAL INSTITUTE OF NURSING | IDEAL INSTITUTE OF NURSING | 17/12/2023 | 2799.00 | 610.73677 SHA | 1031 | 17/12/2023 | Vol.1 | 17/12/2023 | Books |
